000 00539cam a22001931 4500
001 sa 68002015
003 DLC
005 20260227112439.0
008 710903s1956 ii 00000 eng
010 _asa 68002015 //r84
043 _aa-ii---
050 0 _aHC437.H9
_bA52
110 1 0 _aHyderabad (India : State)
245 1 0 _aSecond five-year plan;
_bbroad details.
260 0 _aHyderabad-Dn.,
_bGovt. Press,
_c1956.
300 _aii, 150 p.
_c25 cm.
500 _aCover title.
651 0 _aHyderabad (India : State)
_xEconomic policy.
999 _c78387
_d78387